Logic lyrics Quiz - Statistics

General Stats
  • This quiz has been taken 170 times
  • The average score is 10 of 21
Answer Stats
Lyrics Song % Correct
"I been on the low I been taking my time" 1-800-273-8255
84%
"I got four cars and they all black, got four broads and they all that, we call that," Ballin'
76%
"Goddamn, goddamn, conversations with legends" Soul Food
74%
"who you know dropped the album back to back to back to back to back..." 44 More
70%
"Goddamn, goddamn, conversations with people" Soul Food II
69%
"In london talking to Rhetorik bout' my life and shit, thought the album was finished but I keep writing shit" 44 Bars
66%
Everybody know I be, in the club V.I.P, sike not me" Midnight
61%
"everybody wanna be famous, everybody wanna be a superstar" Buried Alive
59%
"smokin' blunts in Amsterdam, oh my god this is my jam." Metropolis
54%
"If you don't know by now my name is Logic and I'm always on my grind" All I Do
45%
"Pull up with that new new in the driveway, so fresh I double park that bitch sideways" BoomTrap Protocol
43%
"you salty ugh, you salty cause you sluggish" Still Ballin'
39%
"My metaphors on cloud nine and the meaning behind em' is so vague" Upgrade
37%
"Crush a bit, little bit, roll it up, take a hit" Never Enough
36%
"All this new shit really seem just like some leftover residue" Bounce
34%
"They said I couldn't do it, back when I was broke goin through it" Man of the Year
25%
"You too weak, like seven times two" State of Emergency
24%
"Just paid ten million in taxes, finger fuck all of them bastards" Wizard of Oz
19%
I get up when I'm down, had enough, almost drowned. Dear God
18%
Bonus: "E = MC squared, nah E = Eater of MC's beware" XXL Cypher
11%
Bonus: "Where is my mind its far away, up in the sky" High Today
7%
No matching quizzes found
Score Distribution
Percent of People with Each Score
Percentile by Number Answered
Your Score History
You have not taken this quiz